Tréningek és más modern vezetőfejlesztési technikák hatékonyságának vizsgálata a Grundfos magyarországi kirendeltségeiben

Bibliographic Details
Main Author: Breuer Anikó
Other Authors: Göndör András
Format: Thesis
Kulcsszavak:Grundfos
vezetőfejlesztés
Hatékonyság mérése
Online Access:http://dolgozattar.uni-bge.hu/16344

MARC

LEADER 00000nta a2200000 i 4500
001 dolg16344
005 20180515131345.0
008 180515suuuu hu om 000 hun d
040 |a BGE Dolgozattár Repozitórium  |b hun 
041 |a hu 
100 1 |a Breuer Anikó 
245 1 0 |a Tréningek és más modern vezetőfejlesztési technikák hatékonyságának vizsgálata a Grundfos magyarországi kirendeltségeiben  |c Breuer Anikó  |h [elektronikus dokumentum] 
246 1 1 |a Tréningek és más modern vezetőfejlesztési technikák hatékonyságának vizsgálata a Grundfos magyarországi kirendeltségeiben 
695 |a Grundfos 
695 |a vezetőfejlesztés 
695 |a Hatékonyság mérése 
700 1 |a Göndör András  |e ths 
856 4 0 |u http://dolgozattar.uni-bge.hu/16344/1/szakdolgozat_ivc5qp.pdf  |z Dokumentum-elérés 
856 4 0 |u http://dolgozattar.uni-bge.hu/16344/2/titkos%C3%ADt%C3%A1s.pdf  |z Dokumentum-elérés